| 000 | 00738nam a2200253Ia 4500 | ||
|---|---|---|---|
| 003 | OSt | ||
| 005 | 20220927114708.0 | ||
| 006 | a|||||r|||| 00| 0 | ||
| 007 | ta | ||
| 008 | 220926b |||||||| |||| 00| 0 eng d | ||
| 024 | _a51960 | ||
| 037 | _cThesis and Dissertations | ||
| 040 |
_aRTL _cRTL _beng |
||
| 041 |
_2eng _aeng |
||
| 082 | _a"X:8Dyz7, K6" | ||
| 100 |
_aWolf Harold A Ed. _9389128 |
||
| 245 | 0 | _aReadings in finance | |
| 260 |
_aNew _bYork Appleton-Century-Craft USA _c1966 |
||
| 300 |
_a"vii, 364p." _ccm. |
||
| 650 |
_aFinancial _9389129 |
||
| 700 |
_a Richardson Lee Ed. _9389130 |
||
| 942 |
_h"X:8Dyz7, K6" _cCC |
||
| 999 |
_c704996 _d704996 |
||